000 00379pab a2200145 454500
008 180718b2003 xxu||||| |||| 00| 0 eng d
100 _aPearce, John A.II
245 _aThe legal limits of employees' off-duty privacy rights
260 _c2003
300 _ap.372-83.
650 _aEmployees
700 _aKuhn, Dennis R.
773 _aOrganizational Dynamics
909 _a58771
999 _c58771
_d58771